000 00988nam a2200229Ia 4500
001 1261
003 GE_BSU
008 181216s||||||||xx |||||||||||||| ||und||
040 _cGE_BSU
080 _a574
100 _aჟორჟოლიანი, ცირა, გორდაძე, ემზარ.
245 _aქალაქების ეკოლოგიური პრობლემები ქუთაისის მაგალითზე.
245 _cრედ.ბერუჩაშვილი,ნ.
260 _aქუთაისი.
260 _bუნივერსიტეტის გამომცემლობა.
260 _c2006.
300 _a103 გვ.19 სმ.
541 _h3 ლ.
653 _aეკოლოგიური პრობლემები.
653 _aქალაქების ეკოლოგიური პრობლემები ქუთაისის მაგალითზე.
942 _cBK
999 _c35407
_d35407